Schluss mit reden - das lumpenpack - Statistiken

Allgemein
  • Dieses Quiz wurde 11 mal gespielt
  • Das Durchschnittsergebnis liegt bei 162 aus 252
Antwortstatistiken
Antwort % Korrekt
du
100%
ich
100%
Ich
100%
n
100%
alle
89%
da
89%
Das
89%
das
89%
den
89%
die
89%
für
89%
ha
89%
nicht
89%
wa
89%
bei
78%
bin
78%
dass
78%
der
78%
dich
78%
dir
78%
find
78%
gehen
78%
Gut
78%
gut
78%
hab
78%
ihr
78%
in
78%
ist
78%
jetzt
78%
meine
78%
mich
78%
mir
78%
mit
78%
ne
78%
Reden
78%
reden
78%
Schluss
78%
schluss
78%
und
78%
1
67%
2
67%
3
67%
4
67%
bestimmt
67%
dem
67%
durch
67%
falsch
67%
gute
67%
hier
67%
Laune
67%
Mann
67%
mehr
67%
richtig
67%
sagen
67%
sehr
67%
sind
67%
so
67%
Versteht
67%
wäre
67%
warum
67%
was
67%
werden
67%
wichtig
67%
will
67%
wolltest
67%
Zeit
67%
Ab
56%
alles
56%
also
56%
angesehen
56%
auf
56%
Bewegen
56%
Debatte
56%
Diskurs
56%
drehen
56%
euch
56%
eure
56%
genug
56%
Gespräche
56%
heute
56%
hören
56%
kann
56%
lang
56%
macht
56%
meinen
56%
merk
56%
Party
56%
springt
56%
weil
56%
weiß
56%
wieder
56%
zähle
56%
zum
56%
abend
44%
anders
44%
angenommen
44%
Arme
44%
Arsch
44%
bass
44%
bewegt
44%
bla
44%
bloß
44%
durchgetreten
44%
endlich
44%
fantastisch
44%
fickt
44%
Füßen
44%
gedacht
44%
gehts
44%
Gesprächen
44%
grad
44%
hüften
44%
Körper
44%
laut
44%
mama
44%
Moshpit
44%
Mund
44%
Paarties
44%
Parties
44%
reißt
44%
schreit
44%
schwingt
44%
Schwitzen
44%
sitzen
44%
Tanzen
44%
Tische
44%
wütend
44%
Zwanzigern
44%
auseinandergeht
33%
Geplänkel
33%
habt
33%
anders gehen
22%
Cut
0%
the
0%
uhuhuhuh
0%
Keine übereinstimmenden Quizze gefunden
Verteilung der Resultate
Anzahl Personen mit jedem Resultat
Perzentil nach korrekt beantworteten Fragen
Ihre Resultats-Entwicklung
Sie haben dieses Quiz noch nicht gespielt